000 00595nam a2200193Ia 4500
005 20250923144727.0
008 008 250917s9999 xx 000 0 eng d
037 _aTextual
040 _aDSWL
_beng
_cDSWL
041 _aeng
_2eng
084 _aY1:7:7.2WM55 155N37
_qDSWL
100 _aVaidya, Dwarkanath Govind
_9827793
245 0 _aNarain Barnesh Chandaverkar
_cby Dwarkanath Govind Vaidya
260 _aBombay
_bKarnatak Publishing House
_c1950
365 _aINR
_b10
925 _g10
942 _cTEXL
_hY1:7:7.2WM55 155N37
999 _c1442554
_d1442554